| 000 | 00855cab a2200253 4500 | ||
|---|---|---|---|
| 001 | WB3129-02 | ||
| 008 | 090401t1995 xxu||||| |||| 00| 0 eng d | ||
| 035 | _a(Sirsi) u40781 | ||
| 041 | _aeng | ||
| 245 | _aDead stop on the road to recovery | ||
| 260 | _c1995 | ||
| 350 | _a0 | ||
| 490 |
_aIndependent _v26 July 1995, 18&19(1) |
||
| 520 | _aHighlights the plight of the construction industry with the latest National Council of Building Materials Producers (BMP) forecast (WB2128-02), declining house sales and housing starts, cuts in the roadbuilding programme and failure of the Private Finance Initiative. | ||
| 650 | _aBMP | ||
| 650 | _aCONSTRUCTION MARKET | ||
| 650 | _aHOUSE SALES | ||
| 650 | _aORDERS | ||
| 650 | _aPFI | ||
| 650 | _aPRIVATE FINANCE INITIATIVE | ||
| 690 | _aBUILT ENVIRONMENT | ||
| 942 | _n0 | ||
| 948 | _c04/03/1997 | ||
| 999 |
_c26137 _d26137 |
||